[Event "TCh-SUI National A 2012"]
[Site "Switzerland SUI"]
[Date "2012.09.22"]
[Round "6.6"]
[White "Umbach,A"]
[Black "Gloor,R"]
[Result "0-1"]
[WhiteElo "2290"]
[BlackElo "2249"]

1.e4 c5 2.Nf3 e6 3.d4 cxd4 4.Nxd4 a6 5.Bd3 Bc5 6.Nb3 Ba7 7.Qe2 Nc6 8.Be3 d6
9.Nc3 Nge7 10.O-O-O b5 11.Rd2 O-O 12.f4 Qc7 13.Bxa7 Rxa7 14.Re1 b4 15.Nd1 e5
16.f5 a5 17.Kb1 a4 18.Nc1 Bd7 19.f6 gxf6 20.Qh5 Nd4 21.Re3 Ng6 22.Rg3 Be6
23.Qh6 Rc8 24.h4 b3 25.h5 bxc2+ 26.Bxc2 Nxc2 27.Rc3 Na3+ 28.Ka1 Nc4 29.hxg6 fxg6
30.Rdc2 Qf7 31.Nd3 Nb6 32.Qe3 Rxc3 33.Rxc3 Nc4 34.Qc1 Ra8 35.Ne3 Nxe3 36.Rc7 Rc8
37.Rxc8+ Bxc8 38.Qxc8+ Kg7 39.Qc1 Nxg2 40.Qc2 Nf4 41.Nxf4 exf4 42.Qxa4 f3
43.Qd4 Qc7 44.a4 Qc5  0-1

[Event "TCh-CHN 2012"]
[Site "Hangzhou CHN"]
[Date "2012.09.23"]
[Round "12"]
[White "Zhang Pengxiang"]
[Black "Wang Chen"]
[Result "1/2-1/2"]
[WhiteElo "2591"]
[BlackElo "2490"]

1.e4 c5 2.Nf3 e6 3.d4 a6 4.Bd3 cxd4 5.Nxd4 Ne7 6.O-O Nbc6 7.Be3 Ng6 8.Nd2 Nge5
9.Nxc6 dxc6 10.Be2 g5 11.Nf3 Nxf3+ 12.Bxf3 Be7 13.e5 Qc7 14.Qd4 Bd7 15.Rad1 c5
16.Qc3 h5 17.Rd6 g4 18.Be4 f5 19.Bxf5 O-O-O 20.Rxe6 Bxe6 21.Bxe6+ Kb8 22.Qc4 Qc6
23.Bf7 Ka8 24.Qe6 Qc7 25.Qf5 h4 26.c4 h3 27.Bd5 hxg2 28.Kxg2 Rdf8 29.Qe4 Rf3
30.Qg6 Rf6 31.Qg7 Rh5 32.Qxg4 Rxe5 33.Rd1 Rff5 34.h4 Bxh4 35.Qxh4 Qg7+ 36.Qg3 Rg5
37.Bxg5 Rxg5 38.Rd2 Ka7 39.b3 Kb6 40.Rd3 Ka5 41.a4 b5 42.axb5 axb5 43.cxb5 Kxb5
44.Bc4+ Kb4 45.Qxg5 Qxg5+ 46.Rg3 Qf4 47.Rd3 Qg4+ 48.Kf1 Qe4 49.Re3 Qb1+ 50.Re1 Qh7
51.Re3 Qb1+ 52.Kg2 Qg6+ 53.Rg3 Qe4+ 54.f3 Qc2+ 55.Kh3 Qh7+  1/2-1/2

[Event "21st TCh-CRO w 2012"]
[Site "Sibenik CRO"]
[Date "2012.09.23"]
[Round "1.34"]
[White "Mahmutbegovic,N"]
[Black "Starcevic,A"]
[Result "1-0"]
[WhiteElo "1687"]
[BlackElo "1865"]

1.e4 c5 2.Nf3 e6 3.d4 cxd4 4.Nxd4 a6 5.Bd3 Qc7 6.O-O Nc6 7.Nxc6 bxc6 8.c4 Nf6
9.Qe2 d6 10.Nc3 Be7 11.f4 Nd7 12.Be3 Bf6 13.Rac1 Qa5 14.Kh1 Rb8 15.a3 Bb7
16.c5 d5 17.Bd2 Qd8 18.exd5 cxd5 19.b4 Qc8 20.Nd1 O-O 21.c6 Bxc6 22.Bxa6 Qc7
23.b5 Bxb5 24.Rxc7 Bxe2 25.Bxe2 Nb6 26.Ne3 Na4 27.Bb4 Rfe8 28.Ng4 Bd8 29.Ra7 Nb6
30.Bb5  1-0

[Event "21st TCh-CRO 1b 2012"]
[Site "Sibenik CRO"]
[Date "2012.09.24"]
[Round "2.1"]
[White "Mrdja,M"]
[Black "Galic,I2"]
[Result "1-0"]
[WhiteElo "2347"]
[BlackElo "2354"]

1.e4 c5 2.Nf3 e6 3.d4 cxd4 4.Nxd4 a6 5.Bd3 Nf6 6.Qe2 d6 7.c4 Qc7 8.Nc3 g6
9.O-O Bg7 10.Be3 O-O 11.Rac1 Nbd7 12.Rfd1 b6 13.f4 Bb7 14.b4 Rac8 15.Kh1 Qb8
16.Nb3 Rfd8 17.c5 dxc5 18.bxc5 Nxc5 19.Nxc5 bxc5 20.e5 c4 21.Bxc4 Rxd1+ 22.Rxd1 Qc7
23.exf6 Bxf6 24.Bd4 Qxf4 25.Bxf6 Qxf6 26.Ne4 Bxe4 27.Qxe4 a5 28.h3 a4 29.Ba6 Rc3
30.Qxa4 Rxh3+ 31.gxh3 Qf3+ 32.Kg1 Qg3+ 33.Kf1 Qxh3+ 34.Ke2 h5 35.Rd8+ Kh7
36.Qd4 Qh2+ 37.Kd1 e5 38.Qd5 Qf4 39.Bc4 Qg4+ 40.Ke1 f6 41.Qf7+ Kh6  1-0

[Event "Baku Open 2012"]
[Site "Baku AZE"]
[Date "2012.09.25"]
[Round "4.10"]
[White "Khukhashvili,S"]
[Black "Mamedov,Nid"]
[Result "1/2-1/2"]
[WhiteElo "2396"]
[BlackElo "2614"]

1.e4 c5 2.Nf3 e6 3.d4 cxd4 4.Nxd4 a6 5.Bd3 Nf6 6.O-O Qc7 7.Be3 Bc5 8.c4 d6
9.Nc3 O-O 10.Nc2 Nbd7 11.Rc1 Bxe3 12.Nxe3 b6 13.b4 Bb7 14.Kh1 Rfc8 15.f3 Qd8
16.Be2 Ne8 17.f4 Rc7 18.Qd2 Rac8 19.a4 Qh4 20.Kg1 Qe7 21.Bf3 g6 22.Rcd1 h5
23.Be2 Qf6 24.Rf2 Qg7 25.h3 Ndf6 26.Bd3 a5 27.bxa5 bxa5 28.Rb1 Ba8 29.Rb5 Ra7
30.c5 dxc5 31.Nc4 Rd8 32.Qc2 Rad7 33.Bf1 Rd4 34.e5 Ne4 35.Nxe4 Bxe4 36.Qb2 g5
37.fxg5 Qxg5 38.Rxc5 Ng7 39.Rc7 Bg6 40.Nd6 Rb4 41.Qc3 Nf5 42.Rc8 Rb8 43.Rxb8 Rxb8
44.Nxf5 Bxf5 45.Qxa5 Rb1 46.Qd2 Qg3 47.Rf3 Qxe5 48.Qg5+ Kf8 49.Qd8+ Kg7 50.Qg5+ Kf8
51.Qd8+ Kg7 52.Qg5+  1/2-1/2

[Event "TCh-VIE 2012"]
[Site "Ho Chi Minh City VIE"]
[Date "2012.09.25"]
[Round "7.3"]
[White "Nguyen Van Hai"]
[Black "Tran Thanh Tu"]
[Result "1-0"]
[WhiteElo "2314"]
[BlackElo "2293"]

1.e4 c5 2.Nf3 e6 3.d4 cxd4 4.Nxd4 a6 5.Bd3 Nf6 6.O-O Qc7 7.Kh1 h5 8.f4 Ng4
9.Nb3 g5 10.Be2 b5 11.Nc3 Bb7 12.a3 Bd6 13.Bxg4 hxg4 14.Qxg4 Nc6 15.Qxg5 Ne7
16.Be3 O-O-O 17.Bc5 Nf5 18.Bxd6 Qxd6 19.Rad1 Qb6 20.Rd3 Rdg8 21.Qf6 Ne3 22.Nd5 Rxh2+
23.Kxh2 Nxf1+ 24.Kh1 Bxd5 25.Rxd5 Ng3+ 26.Kh2 Ne2 27.Rc5+ Kb8 28.Kh3 d6 29.Rg5 Qe3+
30.g3 Rc8 31.c3 Qxe4 32.Nd4 Qh1+ 33.Kg4 Ng1 34.f5 Qh3+ 35.Kf4 e5+ 36.Ke3 exd4+
37.Qxd4 Re8+ 38.Kd3 Qf1+ 39.Kc2 Qe2+ 40.Kb3 Qc4+ 41.Qxc4 bxc4+ 42.Kxc4 Nf3
43.Rg7 Ne5+ 44.Kd5 Kc7 45.c4 Re7 46.f6 Rd7 47.g4 Ng6 48.Rxg6 fxg6 49.Ke6 Kc6
50.f7 Rd8 51.Ke7 Rb8 52.f8=Q Rxf8 53.Kxf8 Kc5 54.b3  1-0

[Event "1st Simon Bolivar Open 2012"]
[Site "San Cristobal VEN"]
[Date "2012.09.25"]
[Round "1.36"]
[White "Mora Moron,Jose Ramon"]
[Black "Zuluaga,C"]
[Result "0-1"]
[WhiteElo "2166"]
[BlackElo "2394"]

1.e4 c5 2.Nf3 e6 3.d4 cxd4 4.Nxd4 a6 5.Bd3 Nf6 6.O-O Qc7 7.Qe2 d6 8.Bd2 Nbd7
9.Kh1 g6 10.c4 Bg7 11.f4 Nc5 12.Nb3 Nxd3 13.Qxd3 O-O 14.Bb4 Rd8 15.Nc3 Ne8
16.Rad1 Bf6 17.f5 b6 18.Nd4 Be5 19.Nf3 Bf6 20.Nd4 Be5 21.fxe6 fxe6 22.Nf3 Bf6
23.Nd5 exd5 24.Qxd5+ Kh8 25.e5 Bb7 26.Qe6 dxe5 27.Rxd8 Rxd8 28.Ng5 Qc6 29.Nf7+ Kg7
30.Qxc6 Bxc6 31.Nxd8 Bxd8 32.Bf8+ Kg8 33.Bh6 Bf6 34.Be3 b5 35.Rc1 Kf7 36.Kg1 Ke6
37.cxb5 Bxb5 38.b3 Nd6 39.a4 Bd3 40.g4 h5 41.h3 hxg4 42.hxg4 Be2 43.g5 Be7
44.Kf2 Bd3 45.Kf3 e4+ 46.Kf4 Nf5 47.Rc6+ Bd6+  0-1

[Event "1st Simon Bolivar Open 2012"]
[Site "San Cristobal VEN"]
[Date "2012.09.25"]
[Round "1.17"]
[White "Hevia,A"]
[Black "Lorenzana,W"]
[Result "1-0"]
[WhiteElo "2518"]
[BlackElo "2202"]

1.e4 c5 2.Nf3 e6 3.d4 cxd4 4.Nxd4 a6 5.Bd3 Bc5 6.Nb3 Be7 7.Be3 d6 8.N1d2 b6
9.f4 Nd7 10.Qe2 Qc7 11.O-O Ngf6 12.Rae1 Bb7 13.c4 g6 14.Kh1 O-O 15.f5 exf5
16.exf5 Rfe8 17.fxg6 hxg6 18.Bd4 Bf8 19.Qf2 Rxe1 20.Rxe1 Ng4 21.Qh4 Nge5
22.Be4 Re8 23.Bxb7 Qxb7 24.Ne4 Qc6 25.Ng5 Bg7 26.Nd2 Nf8 27.h3 f6 28.Nge4 Nfd7
29.Nc3 Kf7 30.b3 Rh8 31.Qe4 Bh6 32.Bxe5 Nxe5 33.Qxc6 Nxc6 34.Nde4 Rd8 35.Rd1 f5
36.Ng3 Bf4 37.Nge2 Be5 38.Kg1 Ne7 39.Kf2 Rc8 40.a4 Rc5 41.Kf3 Nc6 42.Rd3 Nb4
43.Rd2 Rc6 44.Nd5 Nxd5 45.Rxd5 Rc5 46.Nf4 Rxd5 47.Nxd5 Bd4 48.Kf4 a5 49.h4 Bf2
50.h5 gxh5 51.Kxf5 h4 52.Nf6 Be1 53.Ne4 Ke7 54.Ng5 Bf2 55.Kg4 Bg3 56.Nf3 Ke6
57.Nxh4 Bf2 58.Ng6 Bd4 59.Kf3 Kf5 60.Nf4  1-0

[Event "1st Simon Bolivar Open 2012"]
[Site "San Cristobal VEN"]
[Date "2012.09.25"]
[Round "1.48"]
[White "Trujillo Villega,P"]
[Black "Soto Paez,O"]
[Result "0-1"]
[WhiteElo "2152"]
[BlackElo "2350"]

1.e4 c5 2.Nf3 e6 3.d4 cxd4 4.Nxd4 a6 5.Bd3 Bc5 6.Nb3 Be7 7.Qg4 g6 8.O-O d6
9.Qe2 Nd7 10.a4 b6 11.Nc3 Qc7 12.Kh1 Bb7 13.Bd2 h5 14.f4 h4 15.f5 gxf5 16.exf5 h3
17.Be4 Ngf6 18.fxe6 fxe6 19.Bf3 hxg2+ 20.Bxg2 Rg8 21.Bxb7 Qxb7+ 22.Qf3 Qxf3+
23.Rxf3 Ne5 24.Rg3 Rxg3 25.hxg3 Nc4 26.Re1 e5 27.Bc1 Rc8 28.Nd2 Na3 29.Nf3 Nxc2
30.Re2 Nb4 31.Be3 Nbd5 32.Nxd5 Nxd5 33.Bf2 Kd7 34.Kg2 Bf6 35.b4 Rc4 36.a5 b5
37.Be1 Nxb4 38.Nd2 Rc2 39.Kf3 d5 40.Nb3 Nd3 41.Bd2 Rb2 42.Nc1 e4+  0-1

[Event "21st TCh-CRO w 2012"]
[Site "Sibenik CRO"]
[Date "2012.09.25"]
[Round "3.1"]
[White "Purgar,I"]
[Black "Bazaj Bockai,S"]
[Result "0-1"]
[WhiteElo "2153"]
[BlackElo "2090"]

1.e4 c5 2.Nf3 e6 3.d4 cxd4 4.Nxd4 a6 5.Bd3 d6 6.c4 g6 7.Nc3 Bg7 8.Nf3 Ne7
9.O-O Nbc6 10.Qe2 O-O 11.Rd1 Qc7 12.Be3 Ne5 13.Rac1 Nxf3+ 14.Qxf3 Nc6 15.Qg3 Bd7
16.c5 Be5 17.f4 Bg7 18.cxd6 Qxd6 19.e5 Qb4 20.Qf2 Rfc8 21.Bc5 Qa5 22.Bb6 Qb4
23.Bxg6 hxg6 24.Rxd7 Bf8 25.a3 Qb3 26.Rcd1 Ne7 27.Bc5 Nd5 28.Bxf8 Rxc3 29.Qf1 Ne3
30.Qe1 Rc2 31.R1d2 Rac8 32.Rxc2 Rxc2 33.Rd8 Rxg2+ 34.Kh1 Rg4 35.Be7+ Kh7
36.Bf6 g5 37.Rh8+ Kg6 38.Rg8+ Kf5 39.Rd8 Qc2 40.Rd6 Nd1  0-1

[Event "TCh-SRB Prem 2012"]
[Site "Valjevo SRB"]
[Date "2012.09.25"]
[Round "9.3"]
[White "Vujacic,Bo"]
[Black "Benkovic,P"]
[Result "1/2-1/2"]
[WhiteElo "2299"]
[BlackElo "2412"]

1.e4 c5 2.Nf3 e6 3.d4 cxd4 4.Nxd4 a6 5.Bd3 Nf6 6.O-O d6 7.Qe2 g6 8.c4 Bg7
9.Rd1 Qc7 10.Nc3 O-O 11.Nf3 Nc6 12.h3 b6 13.Be3 Bb7 14.Rac1 Nd7 15.Bb1 Nc5
16.Qd2 Rfd8 17.Bg5 f6 18.Bf4 Qf7 19.Qe2 Bf8 20.Rd2 Rd7 21.Rcd1 Rad8 22.Be3 Rc8
23.Bf4 Rcd8 24.b3 Ba8 25.Be3 Rc7 26.Bf4 Rcd7 27.Be3 Rc7  1/2-1/2

[Event "Vladivostok Russian Cup 2012"]
[Site "Vladivostok RUS"]
[Date "2012.09.25"]
[Round "9.16"]
[White "Pavlovskiy,M"]
[Black "Sukhareva,E"]
[Result "1/2-1/2"]
[WhiteElo "2252"]
[BlackElo "2268"]

1.e4 c5 2.Nf3 e6 3.d4 cxd4 4.Nxd4 a6 5.Bd3 Qc7 6.c4 d6 7.Nc3 g6 8.Be3 Bg7
9.O-O Nf6 10.Be2 O-O 11.Qd2 b6 12.f4 Bb7 13.Qc2 Nbd7 14.Rac1 Rac8 15.b3 e5
16.Nf3 Ng4 17.Qd2 Nxe3 18.Qxe3 exf4 19.Qxf4 Qc5+ 20.Kh1 Qa3 21.Qd2 Rfe8 22.Bd3 Ne5
23.Nxe5 Bxe5 24.Nd5 Qc5 25.Qf2 Qxf2 26.Rxf2 Bxd5 27.exd5 Bd4 28.Re2 Rxe2
29.Bxe2 Re8 30.Rc2 Bc5 31.g3 f5 32.Kg2 Kf7 33.Kf1 Kf6 34.Bd1 Bd4 35.Re2 Be5
36.Bc2 h5 37.Kg2 h4 38.gxh4 Rh8 39.Bd3 Rxh4 40.h3 Rd4 41.Re3 Bf4 42.Rf3 g5
43.Bf1 Re4 44.Rf2 Re3 45.Rf3 Re8 46.h4 a5 47.hxg5+ Kxg5 48.Kf2 Be5 49.Bd3 f4
50.Kg2 Bd4 51.Kf1 Rh8 52.Kg2 Be5 53.Be4 Rh4 54.Rh3 Rg4+ 55.Kf1 Bd4 56.Bg2 Bc5
57.Rh8 Kf6 58.Rh5 Rg3 59.Rh3 Ke5 60.Rxg3 fxg3 61.Bh3 Kd4 62.Bd7 Kc3 63.Bb5 Kb2
64.a4 Kxb3 65.Kg2 Bf2 66.Kf3 Kc3 67.Kg2 Kd4 68.Kf3 Kc3 69.Kg2 Kc2 70.Kf3 Kd2
71.Kg2 Ke3 72.Ba6 Kf4 73.Bb5 Bd4 74.Ba6 Be5 75.Bb5 Ke3 76.Ba6 Kd4 77.Bb5 Kc3
78.Kf3 Kb4 79.Kg2 Kc5  1/2-1/2

[Event "30th Balaton Open"]
[Site "Heviz HUN"]
[Date "2012.09.27"]
[Round "5.3"]
[White "Grimm,D"]
[Black "Ruck,T"]
[Result "0-1"]
[WhiteElo "2151"]
[BlackElo "2296"]

1.e4 c5 2.Nf3 e6 3.d4 cxd4 4.Nxd4 a6 5.Bd3 Bc5 6.Nb3 Be7 7.Nc3 d6 8.Bd2 Nf6
9.f4 e5 10.f5 b5 11.Qf3 Bb7 12.O-O-O h5 13.Kb1 Nbd7 14.Nd5 Nxd5 15.Na5 N5f6
16.Nxb7 Qc7 17.Na5 Nc5 18.Rhe1 O-O 19.h3 d5 20.exd5 e4 21.Bxe4 Ncxe4 22.Rxe4 Nxe4
23.Qxe4 Rfe8 24.Qf3 Bf6 25.g4 h4 26.Nc6 Qg3 27.Qb3 Re2 28.g5 Rxd2  0-1

[Event "21st TCh-CRO 1a 2012"]
[Site "Sibenik CRO"]
[Date "2012.09.27"]
[Round "5.36"]
[White "Vargic,D"]
[Black "Sulava,N"]
[Result "0-1"]
[WhiteElo "2342"]
[BlackElo "2496"]

1.e4 c5 2.Nf3 e6 3.d4 cxd4 4.Nxd4 a6 5.Bd3 Nf6 6.O-O Qc7 7.Qe2 d6 8.c4 g6
9.b3 Bg7 10.Bb2 O-O 11.Nf3 Nbd7 12.Nc3 b6 13.Rac1 Bb7 14.Rfd1 Rad8 15.Na4 Nc5
16.Nxc5 bxc5 17.Bc3 Nh5 18.Qe1 Bxc3 19.Qxc3 Nf4 20.Re1 f5 21.Nd2 e5 22.f3 Bc6
23.Rcd1 Rf7 24.Bc2 h5 25.Nb1 h4 26.h3 Qe7 27.Qd2 Kg7 28.Nc3 Ne6 29.Bb1 Qf6
30.Bd3 Rdf8 31.Rb1 Nf4 32.Rb2 Rh8 33.Bb1 Rh5 34.Rd1 Rd7 35.Qe1 Rg5 36.Kh2 Rg3
37.Qf1 Qg5 38.Rf2 Rd8 39.Rdd2 Bb7 40.Rd1 Bc8 41.a3 a5 42.Bc2 Be6 43.Rdd2 Kf7
44.Kh1 Ke7 45.Ne2 Nh5 46.Qd1 Qh6 47.Nc3 Nf6 48.Nb5 Ne8 49.Rd3 fxe4 50.fxe4 g5
51.Qd2 Rxd3 52.Bxd3 Nf6 53.Bc2 Nh5 54.Bd1 Ng3+ 55.Kg1 Nxe4 56.Qxa5 Nxf2 57.Kxf2 g4
58.Bxg4 Bxg4 59.hxg4 Qf4+ 60.Ke1 Qe3+ 61.Kd1 Qg1+ 62.Kc2 Qxg2+ 63.Kc3 h3
64.Qc7+ Rd7 65.Qc8 Qf3+ 66.Kc2 h2 67.Nc7 h1=Q 68.Qe8+ Kf6 69.Qf8+ Kg5 70.Ne6+ Kh4
71.Qh6+ Kg3  0-1

[Event "TCh-FIN SM 2012-13"]
[Site "Jyvaskyla FIN"]
[Date "2012.09.28"]
[Round "1.1"]
[White "Kiuttu,R"]
[Black "Neiksans,A"]
[Result "0-1"]
[WhiteElo "2324"]
[BlackElo "2535"]

1.e4 c5 2.Nf3 e6 3.d4 cxd4 4.Nxd4 a6 5.Bd3 Bc5 6.Nb3 Ba7 7.Qg4 Nf6 8.Qg3 d6
9.Nc3 Nc6 10.Bg5 h6 11.Bd2 Nh5 12.Qf3 Qh4 13.g3 Ne5 14.Qe2 Qg4 15.O-O-O Qxe2
16.Bxe2 Nf6 17.Be1 Ke7 18.h3 g5 19.Nd4 Bd7 20.Kb1 b5 21.a3 Rac8 22.f3 Nc4
23.Rd3 Rc7 24.h4 g4 25.f4 Rb8 26.Nd1 Nxe4 27.Bxg4 Rg8 28.Bf3 f5 29.Ne2 Nc5
30.Rc3 e5 31.fxe5 dxe5 32.Bd5 Be6 33.Bxe6 Kxe6 34.Rf3 Rd7 35.Kc1 Rgd8 36.Ndc3 Na4
37.b3 Nxc3 38.Rxc3 Rd1+  0-1

[Event "TCh-FIN SM 2012-13"]
[Site "Jyvaskyla FIN"]
[Date "2012.09.29"]
[Round "2.1"]
[White "Kiuttu,R"]
[Black "Kulaots,K"]
[Result "1/2-1/2"]
[WhiteElo "2324"]
[BlackElo "2567"]

1.e4 c5 2.Nf3 e6 3.d4 cxd4 4.Nxd4 a6 5.Bd3 Bc5 6.Nb3 Ba7 7.Qg4 Nf6 8.Qg3 d6
9.Nc3 Nc6 10.Bg5 h6 11.Bd2 Ne5 12.Be2 b5 13.f4 Ng6 14.Bf3 Rb8 15.O-O-O O-O
16.h4 Kh8 17.h5 Ne7 18.e5 dxe5 19.fxe5 Nd7 20.Ne4 b4 21.Nd6 a5 22.Kb1 a4
23.Nc1 a3 24.b3 Ba6 25.Qe1 Qa5 26.Bf4 Nb6 27.Rh4 Nbd5 28.Bd2 Bc5 29.Nc4 Qc7
30.Nd3 Nf5 31.Nxc5 Qxc5 32.Rg4 Rfc8 33.Be2 Nde3 34.Bxe3 Nxe3 35.Nxe3 Bxe2
36.Qxe2 Qc3 37.Kc1 Qb2+ 38.Kd2 Qc3+ 39.Kc1 Qb2+ 40.Kd2 Qc3+  1/2-1/2

[Event "Oslo GM Open 2012"]
[Site "Oslo NOR"]
[Date "2012.09.30"]
[Round "2.10"]
[White "Bjerke,R"]
[Black "Donchenko,An"]
[Result "1/2-1/2"]
[WhiteElo "2134"]
[BlackElo "2364"]

1.e4 c5 2.Nf3 e6 3.d4 cxd4 4.Nxd4 a6 5.Bd3 Qc7 6.O-O Nf6 7.c4 b6 8.Qe2 d6
9.Nc3 Be7 10.Be3 Bb7 11.f4 h5 12.h3 Nbd7 13.b4 g6 14.Rac1 Rc8 15.Nf3 Qb8
16.Ng5 Rg8 17.a3 Kf8 18.Qf2 Bc6 19.e5 dxe5 20.fxe5 Nxe5 21.Bb1 Ned7 22.Nge4 Rg7
23.Bh6  1/2-1/2

[Event "Oslo GM Open 2012"]
[Site "Oslo NOR"]
[Date "2012.09.30"]
[Round "9.13"]
[White "Ben Porat,O"]
[Black "Haugli,P"]
[Result "0-1"]
[WhiteElo "2175"]
[BlackElo "2302"]

1.e4 c5 2.Nf3 e6 3.d4 cxd4 4.Nxd4 a6 5.Bd3 Bc5 6.Nb3 Ba7 7.Nc3 Nc6 8.Qe2 d6
9.a4 Nf6 10.a5 O-O 11.Be3 Bxe3 12.Qxe3 e5 13.Na4 Nxa5 14.Nxa5 Qxa5+ 15.Ke2 Qc7
16.Nb6 Rb8 17.Bc4 Be6 18.Ra4 Nxe4 19.Bxe6 Qxc2+ 20.Ke1 fxe6 21.Rxe4 Qb1+
22.Ke2 Qxh1 23.Qh3 Rbe8 24.Nd7 Rf7 25.Qh5 Rfe7  0-1

[Event "21st TCh-CRO w 2012"]
[Site "Sibenik CRO"]
[Date "2012.09.30"]
[Round "9.1"]
[White "Deur,Z"]
[Black "Tomulic,V"]
[Result "1/2-1/2"]
[WhiteElo "2128"]
[BlackElo "1865"]

1.e4 c5 2.Nf3 e6 3.d4 cxd4 4.Nxd4 a6 5.Bd3 Nc6 6.Nxc6 bxc6 7.c4 d5 8.Nc3 d4
9.Ne2 Bb4+ 10.Bd2 Bxd2+ 11.Qxd2 c5 12.O-O e5 13.f4 Qe7 14.fxe5 Qxe5 15.Nf4 Nf6
16.Nd5 Ng4 17.Qf4 O-O 18.b3 Qxf4 19.Nxf4  1/2-1/2

[Event "Tatry Open 2012"]
[Site "Tatranske Zruby SVK"]
[Date "2012.09.30"]
[Round "9.23"]
[White "Zbirka,P"]
[Black "Dobrovolsky,L"]
[Result "0-1"]
[WhiteElo "2031"]
[BlackElo "2351"]

1.e4 c5 2.Nf3 e6 3.d4 cxd4 4.Nxd4 a6 5.Bd3 Nc6 6.Nxc6 bxc6 7.O-O Qc7 8.f4 d5
9.Kh1 Nf6 10.e5 Nd7 11.Be3 Be7 12.Nd2 Bb7 13.c4 c5 14.cxd5 Bxd5 15.b3 Qb7
16.Qe2 O-O 17.Rg1 Rfc8 18.Nc4 a5 19.f5 exf5 20.Bxf5 Rd8 21.Bf4 Nf8 22.Rab1 Ne6
23.Bxe6 fxe6 24.Nd6 Qb4 25.Bd2 Qd4 26.Nb7 Bxb7  0-1

[Event "TCh-Belgrade Premier 2012"]
[Site "Belgrade SRB"]
[Date "2012.10.02"]
[Round "2.4"]
[White "Carnic,D"]
[Black "Zivkovic,Ivan R"]
[Result "1-0"]
[WhiteElo "2082"]
[BlackElo "1990"]

1.e4 c5 2.Nf3 e6 3.d4 cxd4 4.Nxd4 a6 5.Bd3 Qc7 6.Qe2 d6 7.Nd2 Nc6 8.Nxc6 bxc6
9.O-O e5 10.f4 Nf6 11.Nc4 Be7 12.fxe5 dxe5 13.Kh1 O-O 14.Bg5 Ne8 15.Bxe7 Qxe7
16.Nb6 Rb8 17.Nxc8 Rxc8 18.Bxa6 Rb8 19.b3 Nc7 20.Bc4 Ne6 21.Bxe6 Qxe6 22.Rad1 Rfd8
23.Rd3 Rd4 24.Rfd1 Rbd8 25.c3 Rxd3 26.Rxd3 Ra8 27.h3 g6 28.Qd2 Qf6 29.Kg1 Kg7
30.a4 Qe6 31.c4 Rb8 32.Rd6 Qe7 33.b4 Qa7+ 34.Kh2 Qxa4 35.Qg5 Qxb4 36.Qxe5+ Kg8
37.Rxc6 Rd8 38.c5 Qb5 39.Rb6 Re8 40.Qd6 Qe2 41.c6 Qe3 42.c7 Re6 43.c8=Q+ Kg7
44.Qcf8+  1-0

[Event "TCh-Belgrade Premier 2012"]
[Site "Belgrade SRB"]
[Date "2012.10.03"]
[Round "3.1"]
[White "Vucinic,G"]
[Black "Djerfi,K"]
[Result "1/2-1/2"]
[WhiteElo "2208"]
[BlackElo "2353"]

1.e4 c5 2.Nf3 e6 3.d4 cxd4 4.Nxd4 a6 5.Bd3 Nf6 6.O-O Qc7 7.Qe2 d6 8.c4 g6
9.Nc3 Bg7 10.Nf3 Nbd7 11.Bf4 Nh5 12.Be3 O-O 13.Rac1 b6 14.Rfd1 Bb7 15.Bb1 Rfd8
16.Qd2 Nc5 17.Bd4 Nf6 18.b4 Ncd7 19.Be3  1/2-1/2

[Event "TATA 50th ch-IND National Premier"]
[Site "Kolkata IND"]
[Date "2012.10.04"]
[Round "4.12"]
[White "Barua,D"]
[Black "Anurag,M"]
[Result "1/2-1/2"]
[WhiteElo "2429"]
[BlackElo "2349"]

1.e4 c5 2.Nf3 e6 3.d4 cxd4 4.Nxd4 a6 5.Bd3 Nf6 6.Qe2 d6 7.O-O g6 8.Rd1 Bg7
9.c4 Qc7 10.Nc3 Nbd7 11.Nf3 O-O 12.h3 b6 13.Be3 Bb7 14.Rac1 Nc5 15.Bg5 Nxd3
16.Qxd3 Rfd8 17.Qe3 Rdc8 18.b3 Rab8 19.Bf4 e5 20.Bg5 Ne8 21.Qd3 h6 22.Be3 Bc6
23.Nd5 Qd8 24.a4 Bf8 25.Nh2 Kh7 26.Qd2 h5 27.Nf1 Nf6 28.f3 Nxd5 29.cxd5 Bd7
30.Rxc8 Rxc8 31.Rc1 Rxc1 32.Qxc1 b5 33.axb5 Bxb5 34.Nd2 Be7 35.Nc4 Qc8 36.Qc3 Kg8
37.Qb4 Qc7 38.Bb6 Qd7 39.Be3 Qc7 40.Qa5 Qxa5 41.Nxa5 Kf8 42.Kf2  1/2-1/2

[Event "1st OCF FIDE Fall Open"]
[Site "Stillwater USA"]
[Date "2012.10.06"]
[Round "2.2"]
[White "Zhong,Howard"]
[Black "Orton,W"]
[Result "0-1"]
[WhiteElo "1972"]
[BlackElo "2135"]

1.e4 c5 2.Nf3 e6 3.d4 cxd4 4.Nxd4 a6 5.Bd3 e5 6.Nf3 Nc6 7.O-O Nf6 8.Nc3 Bc5
9.Bg5 h6 10.Bxf6 Qxf6 11.Nd5 Qd8 12.Qe2 d6 13.c3 O-O 14.b4 Ba7 15.a4 Ne7
16.Rfd1 Nxd5 17.exd5 f5 18.Bc2 g5 19.Rac1 Bd7 20.c4 g4 21.Nd2 Qe7 22.Bb3 Kh7
23.Re1 e4 24.Rc2 a5 25.b5 Bc5 26.Nf1 Rae8 27.Rcc1 b6 28.Ng3 Qg5 29.Bc2 Kg8
30.Kh1 h5 31.Rb1 h4 32.Nf1 Rf7 33.Rb3 Rfe7 34.Nd2 Bb4 35.Rd1 e3 36.fxe3 Rxe3
37.Rxe3 Rxe3 38.Qf1 h3 39.g3 Qe7 40.Nb3 Rxb3 41.Bxb3 Qe4+ 42.Kg1 Bc5+  0-1

[Event "3rd Copa Latino-Americana"]
[Site "Cali COL"]
[Date "2012.10.07"]
[Round "6.19"]
[White "Guarin,D"]
[Black "Herrera,Jua"]
[Result "0-1"]
[WhiteElo "1996"]
[BlackElo "2184"]

1.e4 c5 2.Nf3 e6 3.d4 cxd4 4.Nxd4 a6 5.Bd3 Nc6 6.Nxc6 dxc6 7.a4 e5 8.Nd2 Be6
9.O-O Nf6 10.Qe2 Bc5 11.Nc4 Bg4 12.Qe1 Qe7 13.Be3 Rd8 14.f3 Bc8 15.Kh1 O-O
16.Bg5 h6 17.Bxf6 Qxf6 18.Qg3 Bd4 19.f4 b5 20.fxe5 Qe6 21.axb5 cxb5 22.Ne3 Bxb2
23.Rae1 Bxe5 24.Qf3 g6 25.Nd5 Qd6 26.h3 Kg7 27.Qe3 Be6 28.c4 bxc4 29.Bxc4 a5
30.Re2 Rc8 31.Bb3 Qc5 32.Qd3 Rb8 33.Ba2 Rfc8 34.Ref2 Rb7 35.Bb3 Rxb3 36.Rxf7+ Bxf7
37.Qxb3 Qc4 38.Qf3 Bxd5 39.exd5 Qc7 40.d6 Bxd6 41.Qf6+ Kh7 42.Qe6 Rf8  0-1

[Event "TCh-HUN 2012-13"]
[Site "Dunaharaszti HUN"]
[Date "2012.10.07"]
[Round "2"]
[White "Csirik,A"]
[Black "Leviczky,T"]
[Result "1/2-1/2"]
[WhiteElo "2313"]
[BlackElo "2327"]

1.e4 c5 2.Nf3 e6 3.d4 cxd4 4.Nxd4 a6 5.Bd3 Nf6 6.O-O Qc7 7.Qe2 d6 8.c4 Be7
9.Nc3 O-O 10.Be3 Nbd7 11.Rac1 b6 12.f3 Bb7 13.b3 Rac8 14.Rfd1 Qb8 15.Qf2 Rfe8
16.Bf1 Bd8 17.Kh1 Bc7 18.Nde2 Rcd8 19.Rd2  1/2-1/2

[Event "TCh-ROU League A 2012"]
[Site "Olanesti ROU"]
[Date "2012.10.07"]
[Round "2.3"]
[White "Hegedus,Iu"]
[Black "Thesing,M"]
[Result "1/2-1/2"]
[WhiteElo "2327"]
[BlackElo "2399"]

1.e4 c5 2.Nf3 e6 3.d4 cxd4 4.Nxd4 a6 5.Bd3 Nf6 6.O-O Qc7 7.Qe2 d6 8.c4 g6
9.Nc3 Bg7 10.Be3 O-O 11.Rac1 Nbd7 12.f4 Re8 13.h3 b6 14.b4 Bb7 15.Nb3 Rac8
16.a4 Qb8 17.Qf2 Ba8 18.Bd4 e5 19.fxe5 Nxe5 20.Bxe5 Rxe5 21.Nd5 Nxe4 22.Qxf7+ Kh8
23.Bxe4 Rxe4 24.Nd2 Re2 25.Nf3 Rf8 26.Qd7  1/2-1/2

[Event "TCh-ROU League A 2012"]
[Site "Olanesti ROU"]
[Date "2012.10.08"]
[Round "3.3"]
[White "Patrascu,An"]
[Black "Hegedus,Iu"]
[Result "1/2-1/2"]
[WhiteElo "2238"]
[BlackElo "2327"]

1.e4 c5 2.Nf3 e6 3.d4 cxd4 4.Nxd4 a6 5.Bd3 Nf6 6.O-O Qc7 7.c4 d6 8.Nc3 g6
9.f4 Bg7 10.Be3 Nbd7 11.Qf3 O-O 12.Rad1 e5 13.Nb3 exf4 14.Bxf4 Ne5 15.Bxe5 dxe5
16.h3 Be6 17.Nd5 Bxd5 18.cxd5 Ne8 19.Rc1 Qb6+ 20.Qf2 Qxf2+ 21.Rxf2 Bh6 22.Re1 Nd6
23.Nc5 Rfd8 24.g3 a5 25.a4 b6 26.Nb3 Rac8 27.Kg2 Kf8 28.h4 Ke7 29.Ba6 Rc7
30.Bd3 Rdd7 31.g4 f6 32.Ref1 Bf4 33.Nd4 Nc4 34.Bxc4 Rxc4 35.Nc6+ Kd6 36.Re2 Rxa4
37.b3 Ra3 38.Rb1 b5 39.Rc2 Rc7 40.h5 gxh5 41.gxh5 Rg7+ 42.Kf2 f5 43.exf5 Kxd5
44.f6 Rf7 45.Ne7+ Ke4 46.Re2+ Kd3 47.Rd1+ Kc3 48.Nd5+ Kxb3 49.Rd3+ Kc4 50.Rxa3 Kxd5
51.Rxa5 Rxf6 52.Rxb5+ Ke6 53.Rb6+ Kf5 54.Rxf6+ Kxf6 55.Kf3 Kf5 56.Re1 Bg5
57.Re4 Bf4 58.Re1 Bg5  1/2-1/2

[Event "3rd Copa Latino-Americana"]
[Site "Cali COL"]
[Date "2012.10.09"]
[Round "9.27"]
[White "Diaz,C"]
[Black "Velasco,L"]
[Result "1/2-1/2"]
[WhiteElo "1950"]
[BlackElo "1813"]

1.e4 c5 2.Nf3 e6 3.d4 cxd4 4.Nxd4 a6 5.Bd3 Nc6 6.c3 d5 7.exd5 Qxd5 8.O-O Nf6
9.Nxc6 Qxc6 10.Nd2 b5 11.f3 Bc5+ 12.Kh1 Bb7 13.Ne4 Rd8 14.Qc2 Nd5 15.Re1 Ba7
16.Bg5 Rc8 17.a4 Qd7 18.Qe2 h6 19.Bd2 bxa4 20.Bxa6 O-O 21.Bxb7 Qxb7 22.Nd6 Qc7
23.Nxc8 Rxc8 24.Rxa4 Bb8 25.Rh4 Qd8 26.Qe4 Nf6 27.Qd4 Qe7 28.b4 Ba7 29.Qd3 Bf2  1/2-1/2

[Event "TCh-Belgrade Premier 2012"]
[Site "Belgrade SRB"]
[Date "2012.10.10"]
[Round "9.4"]
[White "Cetkovic,Mi"]
[Black "Djerfi,K"]
[Result "1/2-1/2"]
[WhiteElo "2249"]
[BlackElo "2353"]

1.e4 c5 2.Nf3 e6 3.d4 cxd4 4.Nxd4 a6 5.Bd3 Nf6 6.Nc3 Qc7 7.O-O Be7 8.Kh1 O-O
9.f4 d6 10.Qf3 Bd7 11.Qg3 Nc6 12.Nxc6  1/2-1/2

[Event "US Chess League 2012"]
[Site "ICC INT"]
[Date "2012.10.11"]
[Round "6"]
[White "Selzler,R"]
[Black "Mateer,Amanda Rae"]
[Result "1-0"]
[WhiteElo "2200"]
[BlackElo "2091"]

1.e4 c5 2.Nf3 e6 3.d4 cxd4 4.Nxd4 a6 5.Bd3 Bc5 6.Nb3 Be7 7.Qe2 d6 8.c4 Nd7
9.f4 Qc7 10.Nc3 Ngf6 11.O-O b6 12.Bd2 Bb7 13.Rae1 Nc5 14.Nxc5 bxc5 15.e5 Nd7
16.exd6 Bxd6 17.Ne4 Be7 18.Bc3 Nf6 19.Ng5 Qc6 20.f5 e5 21.Bxe5 O-O 22.Nf3 Rfe8
23.Qc2 Rad8 24.Qc3 Qd7 25.Bc2 Ng4 26.Bxg7 f6 27.h3 Kxg7 28.hxg4 h6 29.Be4 Kh7
30.Bxb7 Qxb7 31.Re6 Rg8 32.Rfe1 Rd7 33.Qe3 Rg7 34.b3 Bd8 35.g5 hxg5 36.Ne5 Rde7
37.Ng6 Rxe6 38.Qh3+  1-0